书目信息 |
| 题名: |
设计与设计家
|
|
| 作者: | ;阿贝迪尼 设计 ;Pyramyd工作室 编辑 | |
| 分册: | 第二辑(017) 列扎·阿贝迪尼 | |
| 出版信息: | 北京 中国青年出版社 2006 |
|
| 页数: | 120页 | |
| 开本: | 16×16cm | |
| 丛书名: | ||
| 单 册: | ||
| 中图分类: | J534(373) , J111 | |
| 科图分类: | ||
| 主题词: | 美术--作品--世界--现代--画册 , 平面设计--伊朗--现代--图集 , 美术 , 平面设计 , 宣传画--设计--伊朗--现代--图集 , 宣传画 | |
| 电子资源: | ||
| ISBN: | 7-5006-6622-5 | |
| 000 | 01246nam0 2200325 450 | |
| 001 | 003148162 | |
| 005 | 20070805165135.53 | |
| 010 | @a7-5006-6622-5@dCNY25.00 | |
| 100 | @a20060104d2006 em y0chiy0110 ea | |
| 101 | 0 | @achi |
| 102 | @aCN@b110000 | |
| 105 | @ay z 000yy | |
| 200 | 1 | @a设计与设计家@9she ji yu she ji jia@h第二辑(017)@i列扎·阿贝迪尼@dDesign & designer@iReza Abedini@e平面设计/招贴设计@f(法)PYRAMYD编辑@zeng |
| 210 | @a北京@c中国青年出版社@d2006 | |
| 215 | @a120页@d16×16cm | |
| 305 | @a本书由法国PYRAMYD授权中国青年出版社独家出版 | |
| 330 | @a本套书汇聚了来自不同背景的平面艺术家、设计师、插图画家和摄影师,引领我们倘佯于他们具有代表性意义的作品中。每一本专著都强调了图片的视觉效果,并对每位艺术家作品的特质进行了点评。 | |
| 510 | 1 | @aDesign & designer@iReza Abedini@zeng |
| 606 | 0 | @a美术@x作品@y世界@z现代@j画册 |
| 606 | 0 | @a平面设计@y伊朗@z现代@j图集 |
| 606 | 0 | @a美术 |
| 606 | 0 | @a平面设计 |
| 606 | 0 | @a宣传画@x设计@y伊朗@z现代@j图集 |
| 606 | 0 | @a宣传画 |
| 690 | @aJ534(373)@v4 | |
| 690 | @aJ111@v4 | |
| 702 | 0 | @c(伊朗)@a阿贝迪尼@9a bei di ni@c(Abedini, Reza)@4设计 |
| 711 | 02 | @c(法)@aPyramyd工作室@9Pyramyd gong zuo shi@4编辑 |
| 801 | 0 | @aCN@bNLC@c20070805 |
| 905 | @a10447@dJ111@e103:2(17) | |
| 设计与设计家.第二辑(017).列扎·阿贝迪尼=Design & designer.Reza Abedini:平面设计/招贴设计/(法)PYRAMYD编辑.-北京:中国青年出版社,2006 |
| 120页;16×16cm |
| ISBN 7-5006-6622-5:CNY25.00 |
| 本套书汇聚了来自不同背景的平面艺术家、设计师、插图画家和摄影师,引领我们倘佯于他们具有代表性意义的作品中。每一本专著都强调了图片的视觉效果,并对每位艺术家作品的特质进行了点评。 |
| ● |
| 相关链接 |
|
|
|
|
正题名:设计与设计家
索取号:J111/103:2(17)
 
预约/预借
| 序号 | 登录号 | 条形码 | 馆藏地/架位号 | 状态 | 备注 |
| 1 | 0808628 | 208086284 | 第一样本阅览室/ [索取号:J111/103:2(17)] | 在馆 | |
| 2 | 0808629 | 208086293 | 第一借阅区/ [索取号:J111/103:2(17)] | 在馆 | |
| 3 | 0808630 | 208086300 | 密集书库-美术系/ [索取号:J111/103:2(17)] | 在馆 |